01123nam a2200349 a 450000100060000000300090000600500170001500600090003200800410004101700530008202000180013503500210015303700890017404000280026308000110029108200150030210000230031713000280034024501020036825000190047026000430048930000280053236200120056049000170057250000320058950500500062165000220067165000150069365000210070865300130072970000310074225391CO-ViMGA20230915232055.0a4396840141112s2004 ck r 000 u spa d aB 3536 - 2007 Oficina Depósito Legal Barcelona a9788484493327 a(OCoLC)436450702 aTánger, 82, 08018; c.e. : info@edicionesglenat.es, p. web : www.edicionesglenat.es aCO-ViMGAbspacCO-ViMGA a82 - 904a741.5 K48n1 aKishimoto, Masashi aNaruto (Ed. española)10aNaruto / cMasashi Kishimoto, Traducción Marta E. Gallego, Marc Bernabé y Verónica Calafell aEd. española aBarcelona Glenat España D.L. 2007 -  av. todas bl. y n. 17 cm aT. 1 -  aShonen manga aGuión : Masashi Kishimoto aen Colección del no. 6 al 14 y del 16 al 2414aComics - Japón 14aHistorieta14aTiras cómicas  aCómics1 aKishimoto, Masashi 1974 -